中国苗族比例超过20%的县级行政区 - Statistics

General Stats
  • This quiz has been taken 15 times
  • The average score is 25 of 39
Answer Stats
省级 地级 县级 比例 % Correct
贵州 黔东南 凯里市 60.56%
100%
湖南 湘西 凤凰县 54.77%
100%
重庆 重庆 彭水苗族土家族自治县 43.41%
100%
湖南 湘西 花垣县 76.30%
90%
广西 百色 隆林各族自治县 27.30%
90%
贵州 黔东南 从江县 43.70%
80%
湖南 湘西 吉首市 36.09%
80%
贵州 黔东南 榕江县 31.60%
80%
湖南 湘西 保靖县 21.63%
80%
贵州 黔南 龙里县 20.60%
80%
贵州 黔东南 台江县 94.66%
70%
湖南 湘西 古丈县 47.79%
70%
贵州 黔东南 施秉县 46.41%
70%
湖南 怀化 麻阳苗族自治县 97.52%
70%
湖南 邵阳 城步苗族自治县 59.14%
70%
湖南 怀化 靖州苗族侗族自治县 49.28%
70%
贵州 安顺 紫云苗族布依族自治县 37.13%
70%
贵州 黔东南 剑河县 63.51%
60%
湖南 邵阳 绥宁县 54.81%
60%
贵州 黔东南 锦屏县 39.18%
60%
湖南 怀化 沅陵县 32.01%
60%
贵州 黔东南 天柱县 29.84%
60%
湖北 恩施 来凤县 20.65%
60%
贵州 铜仁 松桃苗族自治县 43.99%
60%
广西 柳州 融水苗族自治县 38.77%
60%
贵州 黔东南 雷山县 83.52%
50%
贵州 黔东南 黄平县 56.77%
50%
湖南 湘西 泸溪县 43.16%
50%
贵州 黔东南 麻江县 33.05%
50%
贵州 黔南 惠水县 23.35%
50%
贵州 黔西南 晴隆县 21.45%
50%
广西 百色 西林县 20.97%
50%
贵州 遵义 务川仡佬族苗族自治县 38.70%
50%
贵州 遵义 道真仡佬族苗族自治县 23.95%
50%
云南 红河 金平苗族瑶族 傣族自治县 24.99%
50%
贵州 黔东南 丹寨县 76.50%
40%
云南 文山 马关县 22.03%
40%
云南 红河 屏边苗族自治县 43.13%
40%
贵州 黔南 长顺县 20.64%
30%
No matching quizzes found
Score Distribution
Percent of People with Each Score
Percentile by Number Answered
Your Score History
You have not taken this quiz